00452nam a22001457a 4500003000400000005001700004008004100021040002400062100002000086245005400106260003900160300002000199600002000219650006700239OSt20191126132401.0191122c1963 sp o 000 0 spa d aES-BaCBUbcatcCDMR1 aKoltsov, Mijail10aDiario de la guerra de Españac/ Mijail Koltsov aSuïssa :bRuedo ibérico,c1963 a491 p. ;c24 cm 0aKoltsov, Mijail 0aEspanyaxHistòriay1936-1939, Guerra CivilxRelats personals